[Event "GER OS-339 email"]
[Site "GER email"]
[Date "2018.02.10"]
[Round "?"]
[White "Strahlberger, Michael"]
[Black "Eilers, Theo"]
[Result "1-0"]
[WhiteElo "1831"]
[BlackElo "1269"]
[PlyCount "45"]
[EventDate "2018.02.19"]
[EventType "tourn (corr)"]
[EventRounds "6"]
[EventCountry "GER"]
[SourceTitle "Corr 2022"]
[Source "ChessBase"]
[SourceDate "2021.10.24"]
[SourceVersion "1"]
[SourceVersionDate "2021.10.24"]
[SourceQuality "1"]

1. c4 c5 2. Nc3 Nc6 3. g3 g6 4. Bg2 Bg7 5. a3 e5 6. b4 d6 7. Rb1 Nge7 8. b5 Na5 9. d3 Rb8 10. Bd2 b6 11. h4 h6 12. Qc2 Bf5 13. e4 Be6 14. Qc1 0-0 15. Bxh6 Re8 16. h5 f5 17. Qg5 Bxh6 18. Qxh6 Kf7 19. hxg6+ Nxg6 20. Qh7+ Kf6 21. exf5 Rh8 22. Ne4+ Kxf5 23. Bh3# 1-0

[Event "GER T221-A40-S email"]
[Site "GER email"]
[Date "2016.03.13"]
[Round "?"]
[White "Fritsche, Frank"]
[Black "Strahlberger, Michael"]
[Result "1-0"]
[WhiteElo "2134"]
[BlackElo "1831"]
[PlyCount "78"]
[EventDate "2016.03.18"]
[EventType "tourn (corr)"]
[EventRounds "8"]
[EventCountry "GER"]
[SourceTitle "Corr 2020"]
[Source "ChessBase"]
[SourceDate "2019.09.30"]
[SourceVersion "1"]
[SourceVersionDate "2019.09.30"]
[SourceQuality "1"]

1. d4 e6 2. c4 Bb4+ 3. Bd2 a5 4. Nf3 d6 5. g3 Nc6 6. Bg2 e5 7. Bc3 Nxd4 8. Nxd4 exd4 9. Qxd4 Nf6 10. e3 0-0 11. 0-0 Re8 12. a3 Bxc3 13. Nxc3 Qe7 14. Rfc1 Nd7 15. b4 h6 16. h4 Ne5 17. Nd5 Qd8 18. b5 c5 19. Qc3 Be6 20. Ra2 Ra7 21. b6 Ra6 22. Nc7 Rxb6 23. Nxe8 Qxe8 24. Qxa5 Nxc4 25. Qa7 Qb5 26. a4 Qa5 27. Qb8+ Kh7 28. Be4+ g6 29. h5 Nd2 30. hxg6+ Kg7 31. Rxd2 Qxd2 32. Rf1 Rb4 33. gxf7 Bxf7 34. Bf3 Rb6 35. Qc7 Rb2 36. Bxb7 Kf6 37. a5 Bc4 38. Qd8+ Kf7 39. Bc6 Qd3 1-0

[Event "GER T221-A40-S email"]
[Site "GER email"]
[Date "2016.03.13"]
[Round "?"]
[White "Strahlberger, Michael"]
[Black "Fritsche, Frank"]
[Result "1/2-1/2"]
[WhiteElo "1831"]
[BlackElo "2134"]
[PlyCount "60"]
[EventDate "2016.03.18"]
[EventType "tourn (corr)"]
[EventRounds "8"]
[EventCountry "GER"]
[SourceTitle "Corr 2020"]
[Source "ChessBase"]
[SourceDate "2019.09.30"]
[SourceVersion "1"]
[SourceVersionDate "2019.09.30"]
[SourceQuality "1"]

1. d4 e6 2. c4 Bb4+ 3. Bd2 a5 4. Nf3 d6 5. g3 Nc6 6. Bg2 e5 7. 0-0 Nxd4 8. Nxd4 exd4 9. Bxb4 axb4 10. Qxd4 Nf6 11. Rd1 Ra6 12. Nd2 0-0 13. Nf1 Re8 14. Ne3 h5 15. h4 Ra5 16. Bf3 b6 17. b3 Bg4 18. Qd2 Rae5 19. Qxb4 Bxf3 20. exf3 Qa8 21. Kg2 Rxe3 22. fxe3 Ng4 23. e4 Ne3+ 24. Kg1 Nxd1 25. Qd2 Nb2 26. Qxb2 f5 27. Re1 fxe4 28. Qf2 exf3 29. Rxe8+ Qxe8 30. Qxf3 Qe1+ 1/2-1/2

[Event "GER T221-A40-S email"]
[Site "GER email"]
[Date "2016.03.13"]
[Round "?"]
[White "Strahlberger, Michael"]
[Black "Offenborn, Heinz"]
[Result "0-1"]
[WhiteElo "1831"]
[BlackElo "2112"]
[PlyCount "106"]
[EventDate "2016.03.18"]
[EventType "tourn (corr)"]
[EventRounds "8"]
[EventCountry "GER"]
[SourceTitle "Corr 2020"]
[Source "ChessBase"]
[SourceDate "2019.09.30"]
[SourceVersion "1"]
[SourceVersionDate "2019.09.30"]
[SourceQuality "1"]

1. d4 e6 2. c4 Bb4+ 3. Bd2 a5 4. Nf3 d6 5. g3 Nc6 6. Bg2 e5 7. 0-0 Nge7 8. d5 Nb8 9. Nc3 Nd7 10. a3 Bxc3 11. Bxc3 a4 12. Ne1 0-0 13. e4 Nc5 14. Nd3 Nb3 15. Rb1 c5 16. f4 f6 17. Qe2 Ng6 18. fxe5 fxe5 19. Rxf8+ Nxf8 20. Re1 Nd7 21. Nc1 Nd4 22. Qd2 Qe8 23. Nd3 b6 24. Qc1 Qh5 25. Qd2 Nb3 26. Qd1 Qxd1 27. Rxd1 Ba6 28. Bf1 Nf6 29. Re1 Nd4 30. Bxd4 cxd4 31. Nb4 Bb7 32. Bd3 Bc8 33. Kg2 Nd7 34. Bc2 Nc5 35. Nd3 Nb7 36. Rb1 Bd7 37. Bd1 b5 38. cxb5 Bxb5 39. Nf2 Nc5 40. Kg1 Rb8 41. Rc1 Be8 42. Rc2 g5 43. h4 h5 44. hxg5 Kg7 45. Kg2 Kg6 46. Be2 Bb5 47. Bxb5 Rxb5 48. Rd2 Kxg5 49. Kg1 Rb3 50. Kg2 Re3 51. Nh3+ Kg6 52. Nf2 Nxe4 53. Nxe4 Rxe4 0-1

[Event "Remote S7E Pioneer-63 email"]
[Site "Remote email"]
[Date "2014.06.04"]
[Round "?"]
[White "Strahlberger, Michael"]
[Black "Kahl, Karl Heinz"]
[Result "1-0"]
[WhiteElo "2258"]
[BlackElo "2194"]
[PlyCount "99"]
[EventDate "2014.??.??"]
[EventType "tourn (corr)"]
[EventRounds "6"]
[EventCountry "GER"]
[SourceTitle "Corr 2015"]
[Source "ChessBase"]
[SourceDate "2015.07.17"]
[SourceVersion "1"]
[SourceVersionDate "2015.07.17"]
[SourceQuality "1"]

1. c4 Nf6 2. g3 e5 3. Bg2 c6 4. d4 exd4 5. Qxd4 d5 6. Nf3 Be7 7. cxd5 cxd5 8. 0-0 Nc6 9. Qa4 0-0 10. Nc3 Be6 11. Be3 Ng4 12. Bf4 g5 13. Bc1 h6 14. h3 Nf6 15. h4 Nd7 16. hxg5 hxg5 17. Nd4 Nxd4 18. Qxd4 Nb6 19. a4 Bf6 20. Qd3 Rc8 21. a5 Nc4 22. Nxd5 Bg7 23. Ra4 Ne5 24. Qb3 Rc7 25. Rd1 Rd7 26. Rb4 Nc6 27. Rxb7 Rd6 28. Qb5 Bc8 29. a6 Nd4 30. Qc4 Rc6 31. Ne7+ Qxe7 32. Bxc6 Bxb7 33. axb7 Qxe2 34. Qxe2 Nxe2+ 35. Kg2 Nxc1 36. Rxc1 Rb8 37. Bd5 Be5 38. f4 gxf4 39. gxf4 Bxf4 40. Rf1 Be5 41. Rxf7 Kh8 42. Kf3 Rd8 43. Ke4 Bg3 44. b4 Re8+ 45. Kf5 Rd8 46. Be6 Rg8 47. Rd7 Rg7 48. Rd8+ Kh7 49. Rd3 Rxb7 50. Rxg3 1-0

[Event "Remote S5E No Engine email"]
[Site "Remote email"]
[Date "2014.01.28"]
[Round "?"]
[White "Strahlberger, Michael"]
[Black "Helmund, Diana"]
[Result "1-0"]
[WhiteElo "2241"]
[BlackElo "1747"]
[PlyCount "45"]
[EventDate "2014.??.??"]
[EventType "tourn (corr)"]
[EventRounds "6"]
[EventCountry "GER"]
[SourceTitle "Corr 2015"]
[Source "ChessBase"]
[SourceDate "2015.07.17"]
[SourceVersion "1"]
[SourceVersionDate "2015.07.17"]
[SourceQuality "1"]

1. c4 e5 2. g3 Nf6 3. Bg2 Nc6 4. Nc3 Bb4 5. Nf3 0-0 6. 0-0 d6 7. d3 Bg4 8. Nd5 Nxd5 9. cxd5 Nd4 10. h3 Nxf3+ 11. exf3 Bd7 12. d4 Bb5 13. a3 Ba5 14. Bd2 Bxf1 15. Kxf1 Bxd2 16. Qxd2 Qf6 17. Kg1 exd4 18. Bf1 c5 19. b4 Qxf3 20. Bg2 Qf6 21. bxc5 dxc5 22. Rb1 c4 23. Rxb7 1-0

[Event "Remote TT A21-1 email"]
[Site "Remote email"]
[Date "2013.11.15"]
[Round "?"]
[White "Henkel, Phil"]
[Black "Strahlberger, Michael"]
[Result "0-1"]
[WhiteElo "1903"]
[BlackElo "2241"]
[PlyCount "66"]
[EventDate "2013.??.??"]
[EventType "tourn (corr)"]
[EventRounds "6"]
[EventCountry "GER"]
[SourceTitle "Corr 2015"]
[Source "ChessBase"]
[SourceDate "2015.07.17"]
[SourceVersion "1"]
[SourceVersionDate "2015.07.17"]
[SourceQuality "1"]

1. c4 e5 2. Nc3 d6 3. Nf3 Nf6 4. g3 g6 5. Bg2 Bg7 6. 0-0 0-0 7. d3 Nc6 8. Rb1 a5 9. a3 Re8 10. e4 Bg4 11. h3 Bxf3 12. Bxf3 Nd4 13. Nd5 Nd7 14. Be3 a4 15. Bxd4 exd4 16. b4 axb3 17. Qxb3 Nc5 18. Qd1 Rxa3 19. Be2 c6 20. Nb4 Qe7 21. Qc1 Rc3 22. Qd1 f5 23. Bf3 fxe4 24. dxe4 d3 25. Rc1 Qf6 26. Re1 Rxc1 27. Qxc1 Qxf3 28. Re3 Qf7 29. Kg2 Rf8 30. f4 Ra8 31. Nxd3 Ra2+ 32. Kh1 Nxd3 33. Rxd3 Qe6 0-1

[Event "Remote S7E Starter-48 email"]
[Site "Remote email"]
[Date "2013.09.30"]
[Round "?"]
[White "Kahl, Karl Heinz"]
[Black "Strahlberger, Michael"]
[Result "0-1"]
[WhiteElo "2129"]
[BlackElo "2135"]
[PlyCount "108"]
[EventDate "2013.??.??"]
[EventType "tourn (corr)"]
[EventRounds "6"]
[EventCountry "GER"]
[SourceTitle "Corr 2015"]
[Source "ChessBase"]
[SourceDate "2015.07.17"]
[SourceVersion "1"]
[SourceVersionDate "2015.07.17"]
[SourceQuality "1"]

1. d4 d5 2. Nf3 Nf6 3. c4 g6 4. cxd5 Nxd5 5. e4 Nb6 6. h3 Bg7 7. Nc3 0-0 8. Be2 c5 9. d5 e6 10. Bg5 Bxc3+ 11. bxc3 f6 12. Bh6 Re8 13. d6 e5 14. a4 Be6 15. Bb5 N8d7 16. Rb1 a6 17. Bxd7 Nxd7 18. Rxb7 Qa5 19. Qc2 Rab8 20. Rxb8 Rxb8 21. 0-0 Qb6 22. Nd2 Qxd6 23. Be3 a5 24. f4 Kg7 25. f5 Bf7 26. fxg6 hxg6 27. Rd1 Qc6 28. Ra1 c4 29. Kh1 Nc5 30. Bxc5 Qxc5 31. Nf1 Qb6 32. Rc1 Be8 33. Nd2 Qc5 34. Rb1 Rd8 35. Rb7+ Bf7 36. Nf1 Qc6 37. Rb2 Rd3 38. Nd2 g5 39. Kh2 Bg6 40. Qb1 Bxe4 41. Nxe4 Qxe4 42. Rb8 Kg6 43. Rg8+ Kf5 44. Qf1+ Qf4+ 45. Qxf4+ gxf4 46. h4 e4 47. h5 e3 48. h6 Rd7 49. Rg7 e2 50. h7 Rxg7 51. h8Q e1Q 52. Qxg7 Qg3+ 53. Qxg3 fxg3+ 54. Kxg3 Ke4 0-1

[Event "Remote S5E No Engine email"]
[Site "Remote email"]
[Date "2013.06.01"]
[Round "?"]
[White "Koenigsberger, Christian"]
[Black "Strahlberger, Michael"]
[Result "1-0"]
[WhiteElo "2221"]
[BlackElo "2092"]
[PlyCount "83"]
[EventDate "2013.??.??"]
[EventType "tourn (corr)"]
[EventRounds "6"]
[EventCountry "GER"]
[SourceTitle "Corr 2015"]
[Source "ChessBase"]
[SourceDate "2015.07.17"]
[SourceVersion "1"]
[SourceVersionDate "2015.07.17"]
[SourceQuality "1"]

1. e4 e6 2. Qe2 b6 3. g3 Bb7 4. Bg2 Be7 5. f4 Nc6 6. c3 d5 7. e5 Nh6 8. d4 a5 9. Bf1 0-0 10. Qh5 f5 11. exf6 Rxf6 12. Bd3 Qf8 13. Be3 Qf7 14. Qxf7+ Kxf7 15. Nf3 Nf5 16. Bf2 Rf8 17. Nbd2 Ke8 18. Ng5 Rh6 19. 0-0-0 Kd7 20. g4 Nd6 21. Nxh7 Ra8 22. h4 g6 23. Ng5 a4 24. Rde1 Nd8 25. Rh3 a3 26. b3 b5 27. Rhe3 Bxg5 28. fxg5 Rh8 29. Bxg6 Rf8 30. Bg3 Ra6 31. h5 Rc6 32. h6 N6f7 33. Bxf7 Nxf7 34. Nf3 Bc8 35. Ne5+ Nxe5 36. Bxe5 Ke7 37. h7 Kf7 38. Rf1+ Ke7 39. Rxf8 Kxf8 40. h8Q+ Ke7 41. Rh3 Kf7 42. Qg7+ 1-0